100 największych kaszubskich miejscowości - Statystyki

Ogólne statystyki
  • Ten quiz został rozwiązany 37 razy
  • Średni wynik to 25 z 100
Statystyki odpowiedzi
Nr Kréz/Powiat Miescowòsc/Miejscowość Lëdztwò/Ludność % Poprawnych
1 Gard/Miasto Gdùńsk 486022
100%
2 Gard/Miasto Gdyniô 245222
100%
4 Wejrowsczi/Wejherowski Wejrowò 47357
100%
12 Pùcczi/Pucki Pùck 10868
94%
3 Wejrowsczi/Wejherowski Rëmiô 51879
90%
7 Gard/Miasto Sopòt 32962
90%
11 Kartësczi/Kartuski Kartuzë 14204
87%
9 Kòscérsczi/Kościerski Kòscérzna 23723
84%
8 Wejrowsczi/Wejherowski Réda 28190
84%
5 Chònicczi/Chojnicki Chònice 39275
81%
6 Lãbòrsczi/Lęborski Lãbórg 34500
81%
34 Pùcczi/Pucki Hél 2975
74%
15 Pùcczi/Pucki Wiôlgô Wies 9613
71%
19 Kartësczi/Kartuski Żukòwò 6652
71%
41 Pùcczi/Pucki Jastarniô 2665
61%
17 Wejrowsczi/Wejherowski Lëzëno 8019
52%
23 Kartësczi/Kartuski Chwaszczëno 4611
48%
10 Bëtowsczi/Bytowski Bëtowò 16739
45%
49 Wejrowsczi/Wejherowski Szëmôłd 2264
45%
22 Chònicczi/Chojnicki Brusë 5146
42%
13 Kartësczi/Kartuski Banino 9835
39%
27 Gdùńsczi/Gdański Kòlbùde 3692
39%
14 Wejrowsczi/Wejherowski Bólszewò 9774
35%
51 Kartësczi/Kartuski Przedkòwò 2216
35%
20 Wejrowsczi/Wejherowski Gòscëcëno 6581
32%
62 Wejrowsczi/Wejherowski Lëniô 1928
32%
72 Kartësczi/Kartuski Borkòwò 1712
26%
57 Wejrowsczi/Wejherowski Gniéwino 2068
26%
24 Kartësczi/Kartuski Kôłpino 4496
26%
42 Kartësczi/Kartuski Stãżëca 2580
26%
25 Wejrowsczi/Wejherowski Bòjano 4200
23%
43 Pùcczi/Pucki Kòsôkòwò 2561
23%
66 Kartësczi/Kartuski Lezno 1896
23%
18 Pùcczi/Pucki Pògòrzé 7793
23%
67 Kartësczi/Kartuski Chmielno 1780
19%
21 Gdùńsczi/Gdański Kòwôle 6001
19%
30 Kartësczi/Kartuski Pãpòwò 3284
19%
95 Pùcczi/Pucki Pierwòszëno 1340
19%
81 Kartësczi/Kartuski Sëlëczëno 1552
19%
29 Kartësczi/Kartuski Somònino 3327
19%
69 Kartësczi/Kartuski Tëchómie 1730
19%
78 Kartësczi/Kartuski Dzërzãzno 1627
16%
96 Kartësczi/Kartuski Glincz 1338
16%
52 Wejrowsczi/Wejherowski Kòleczkòwò 2184
16%
40 Kòscérsczi/Kościerski Lëpùsz 2687
16%
92 Kartësczi/Kartuski Miszewkò 1383
16%
28 Pùcczi/Pucki Mòstë 3504
16%
16 Kartësczi/Kartuski Serakòjce 8204
16%
37 Pùcczi/Pucki Żelëstrzewò 2849
16%
60 Wejrowsczi/Wejherowski Czelno 2008
13%
59 Kòscérsczi/Kościerski Dzemiónë 2017
13%
100 Kartësczi/Kartuski Gòlëbié 1300
13%
87 Kartësczi/Kartuski Grzëbno 1432
13%
93 Kartësczi/Kartuski Łapalëce 1347
13%
38 Lãbòrsczi/Lęborski Nowô Wies 2800
13%
73 Kòscérsczi/Kościerski Stôrô Cziszewa 1709
13%
61 Wejrowsczi/Wejherowski Bòżépòle Wiôldżé 1971
10%
71 Kartësczi/Kartuski Gòwidlëno 1713
10%
33 Wejrowsczi/Wejherowski Gòwino 3065
10%
85 Wejrowsczi/Wejherowski Kãpino 1456
10%
79 Wejrowsczi/Wejherowski Łãczëce 1590
10%
31 Gdùńsczi/Gdański Lëblewò 3235
10%
50 Kòscérsczi/Kościerski Łubianô 2254
10%
76 Kartësczi/Kartuski Miechùcëno 1649
10%
39 Pùcczi/Pucki Mrzeżëno 2691
10%
83 Kartësczi/Kartuski Niestãpòwò 1505
10%
86 Kartësczi/Kartuski Prokòwò 1449
10%
82 Kartësczi/Kartuski Skrzeszewò 1531
10%
32 Wejrowsczi/Wejherowski Strzebielëno 3226
10%
53 Wejrowsczi/Wejherowski Wierzchùcëno 2157
10%
58 Lãbòrsczi/Lęborski Cewice 2042
6%
47 Chònicczi/Chojnicki Charzëkòwë 2331
6%
84 Chònicczi/Chojnicki Czëczkòwë 1495
6%
46 Pùcczi/Pucki Dãbògòrzé 2452
6%
91 Kartësczi/Kartuski Gòrãczëno 1394
6%
77 Kartësczi/Kartuski Górnô Brodnica 1635
6%
56 Kòscérsczi/Kościerski Kòrsëno 2074
6%
65 Pùcczi/Pucki Lesniewò 1907
6%
88 Bëtowsczi/Bytowski Tëchòmië 1430
6%
48 Kòscérsczi/Kościerski Wiôldżi Klincz 2273
6%
63 Kartësczi/Kartuski Żukòwò Wies 1920
6%
89 Chònicczi/Chojnicki Chòniczczi 1422
3%
70 Wejrowsczi/Wejherowski Dobrzewino 1727
3%
98 Pùcczi/Pucki Gniéżdżewò 1303
3%
99 Gdùńsczi/Gdański Jankòwò 1302
3%
26 Wejrowsczi/Wejherowski Kãbłowò 3804
3%
64 Człëchòwsczi/Człuchowski Kòczała 1912
3%
54 Pùcczi/Pucki Łebcz 2128
3%
45 Lãbòrsczi/Lęborski Lëbòwidz 2462
3%
97 Kartësczi/Kartuski Mscëszejce 1329
3%
55 Wejrowsczi/Wejherowski Òrlé 2087
3%
35 Pùcczi/Pucki Pôłchòwò 2869
3%
74 Pùcczi/Pucki Pôłczëno 1686
3%
36 Człëchòwsczi/Człuchowski Przechlewò 2863
3%
44 Kartësczi/Kartuski Przëjazniô 2484
3%
75 Gdùńsczi/Gdański Przëwidz 1676
3%
90 Bëtowsczi/Bytowski Rzepnica 1397
3%
68 Kòscérsczi/Kościerski Skòrzewò 1744
3%
80 Lãbòrsczi/Lęborski Szemrejce 1557
3%
94 Kòscérsczi/Kościerski Wielé 1341
3%
Nie znaleziono quizów pasujących do podanych kryteriów
Rozkład punktacji
Procent ludzi z każdym wynikiem
Percentyl według liczby udzielonych odpowiedzi
Twoja historia wyników
Nie rozwiązałeś tego quizu